000 00338nam a22001337a 4500
008 181210b xxu||||| |||| 00| 0 eng d
020 _a0124374757
041 _aeng
080 _a510
100 _a37
101 _aMAT
245 _aThe Numerical Solution Ordinary The Partial Differental Equations
_cSewel G
942 _2udc
_cBK
999 _c53096
_d53096